000 00649nam a2200205 i 4500
001 18265
003 ES-MaACL
005 20231222063028.0
007 t|
008 011019s2001 sp ||||1| spa d
020 _a84-921741-5-3
080 _a232.9
100 1 _aSuárez Rodríguez, José Luis,
_d1931-2020
_9108655
245 1 0 _aSucedió en Betania
_b: hallazgo de la clave histórica de Jesús el Nezereo /
_cJosé Luis Suárez Rodríguez.
260 _aMadrid :
_bApis,
_c2001.
300 _a30 p. ;
_c21 cm.
600 1 4 _aJesucristo-
_xHistoricidad.
_966367
852 _aES-MaACL
_j2167-F-9
_bR.130653
999 _c18265
_d18265